000 00288pam a2200121 a 4500
020 _c
041 _aeng
100 _aकर्नाड गिरीश.
245 _aययाति
_hTextual Documents
260 _a[s.l]:
_bपॉप्युलर
300 _a70p.
930 _a15556
999 _c92456
_d92456